00538nam a22001457a 4500040000900000082001200009100003100021110004100052245009700093260004400190650002300234942001300257999001900270952010300289 cNUST a200 THE aSaad Saud Ali Shah9104910 aSupervisor Dr. Saifullah Awan984268 aTH-SOF-2112-Fabrication Of Cu DOPED ZINC Sulfide Thin Films for 2nd Generation Photovoltaics aISLAMABAD:bNUST COLLEGE OF EME,c2022. aMS-ELEC-199104911 2ddccTHE c592697d592697 00102ddc4070aCEMEbCEMEcTHEd2022-12-15l0o200 THEpTH-SOF-2112r2022-12-15w2022-12-15yREF